[Event "Deutsche Ländermeisterschaft 2013"]
[Site "Hannover GER"]
[Date "2013.10.04"]
[Round "4"]
[White "Graf, Felix"]
[Black "Carow, Johannes"]
[Result "1/2-1/2"]
[Termination "normal"]
[Board "1.1"]
[WhiteTitle "20"]
[BlackTitle "18"]
[WhiteElo "2476"]
[BlackElo "2355"]
[WhiteTeam "Bayern"]
[BlackTeam "Rheinland-Pfalz"]
[WhiteFideId "24608904"]
[BlackFideId "24692050"]
[EventCountry "GER"]
[EventRounds "7"]
[EventType "team-swiss"]
[EventDate "2013.10.02"]

1. d4 Nf6 2. Nf3 g6 3. c4 Bg7 4. Nc3 d5 5. cxd5 Nxd5 6. e4 Nxc3 7. bxc3 c5 8.
Rb1 O-O 9. Be2 b6 10. O-O Bb7 11. Qd3 Ba6 12. Qe3 Qd7 13. dxc5 Bxe2 14. Qxe2
bxc5 15. Bg5 Qe6 16. Rfd1 Nc6 17. Rd5 Bxc3 18. Rxc5 Nd4 19. Nxd4 Bxd4 20. Rd5
Rfd8 21. Qf3 Bf6 22. Bxf6 exf6 23. h4 h5 24. Rb7 Rxd5 25. exd5 Qd6 26. g3 Kg7
27. Qb3 Rd8 28. Rb5 Qe5 29. Rb7 Qxd5 30. Qxd5 Rxd5 31. Rxa7 Rd1+ 32. Kg2 f5 33.
Rb7 Ra1 34. Rb2 Kf6 35. Kf3 Ke5 36. Ke3 f4+ 37. gxf4+ Kf5 38. Kf3 Ke6 39. Rd2
Kf5 40. Rd5+ Ke6 41. Ra5 Rh1 42. f5+ gxf5 43. Ra4 Ke5 44. Kg2 Ra1 45. a3 Ke6
46. Kf3 Rh1 47. Ke3 Ke5 48. Rb4 Ra1 49. Rb3 Re1+ 50. Kd2 Rf1 51. Ke2 Ra1 52.
Rb5+ Ke6 53. Rb6+ Ke5 54. Rb3 Ke6 55. Re3+ Kf6 56. Rc3 Ke5 57. Rc5+ Ke6 58. Ra5
Rh1 59. Ra4 Ke5 60. Ke3 Re1+ 61. Kf3 Rh1 62. Kg2 Ra1 63. f3 Rc1 64. Rb4 Rd1 65.
Kf2 Ra1 66. a4 f4 67. Re4+ Kf5 68. Rb4 Ke5 1/2-1/2

[Event "Deutsche Ländermeisterschaft 2013"]
[Site "Hannover GER"]
[Date "2013.10.04"]
[Round "4"]
[White "Yankelevich, Lev"]
[Black "Mons, Leon"]
[Result "1/2-1/2"]
[Termination "normal"]
[Board "1.2"]
[WhiteTitle "16"]
[BlackTitle "18"]
[WhiteElo "2197"]
[BlackElo "2439"]
[WhiteTeam "Rheinland-Pfalz"]
[BlackTeam "Bayern"]
[WhiteFideId "24684074"]
[BlackFideId "4614950"]
[EventCountry "GER"]
[EventRounds "7"]
[EventType "team-swiss"]
[EventDate "2013.10.02"]

1. d4 d5 2. Nc3 Nf6 3. Bf4 Bf5 4. e3 e6 5. Bd3 Bxd3 6. Qxd3 a6 7. e4 dxe4 8.
Nxe4 Be7 9. Nf3 O-O 10. O-O Nbd7 11. Rad1 Qc8 12. c4 b6 13. Rfe1 Qb7 14. Ne5
Rfd8 15. Ng5 Nxe5 16. Bxe5 h6 17. Bxf6 Bxf6 18. Qh7+ Kf8 19. Nf3 b5 20. b3 c6
21. Ne5 Ke7 22. Qe4 Bxe5 23. dxe5 Rxd1 24. Rxd1 Rd8 25. Rxd8 1/2-1/2

[Event "Deutsche Ländermeisterschaft 2013"]
[Site "Hannover GER"]
[Date "2013.10.04"]
[Round "4"]
[White "Ott, Florian"]
[Black "Stahnecker, Ludwig"]
[Result "0-1"]
[Termination "normal"]
[Board "1.3"]
[WhiteTitle "16"]
[BlackTitle "18"]
[WhiteElo "2086"]
[BlackElo "2141"]
[WhiteTeam "Bayern"]
[BlackTeam "Rheinland-Pfalz"]
[WhiteFideId "12900281"]
[BlackFideId "24692026"]
[EventCountry "GER"]
[EventRounds "7"]
[EventType "team-swiss"]
[EventDate "2013.10.02"]

1. d4 d5 2. c4 e6 3. Nf3 Nf6 4. g3 Bb4+ 5. Bd2 Be7 6. Bg2 O-O 7. O-O c6 8. Qc2
b6 9. Rd1 Ba6 10. b3 Nbd7 11. a4 Rc8 12. a5 c5 13. axb6 Qxb6 14. Qa2 Bb7 15.
Ba5 Qd6 16. Na3 Ne4 17. Nb5 Qb8 18. Be1 a6 19. Na3 Bf6 20. Rac1 Qa8 21. Bf1
Rfd8 22. Ba5 Re8 23. dxc5 Ndxc5 24. cxd5 exd5 25. Nb1 Qa7 26. e3 Ne6 27. Bg2
Rxc1 28. Rxc1 d4 29. exd4 Qa8 30. Re1 Rc8 31. Nbd2 Nxd2 32. Qxd2 Bxf3 0-1

[Event "Deutsche Ländermeisterschaft 2013"]
[Site "Hannover GER"]
[Date "2013.10.04"]
[Round "4"]
[White "Perske, Thore"]
[Black "Gretz, Denis"]
[Result "1/2-1/2"]
[Termination "normal"]
[Board "1.4"]
[WhiteTitle "14"]
[BlackTitle "14"]
[WhiteElo "2150"]
[BlackElo "1922"]
[WhiteTeam "Rheinland-Pfalz"]
[BlackTeam "Bayern"]
[WhiteFideId "12902195"]
[BlackFideId "12945188"]
[EventCountry "GER"]
[EventRounds "7"]
[EventType "team-swiss"]
[EventDate "2013.10.02"]

1. e4 c5 2. Nf3 Nc6 3. d4 cxd4 4. Nxd4 Nf6 5. Nc3 e5 6. Ndb5 d6 7. Bg5 a6 8.
Na3 b5 9. Nd5 Be7 10. Bxf6 Bxf6 11. c3 O-O 12. Nc2 Rb8 13. b4 a5 14. a4 bxa4
15. b5 Ne7 16. Nce3 Be6 17. Bc4 Nxd5 18. exd5 Bd7 19. Qxa4 Qb6 20. Qxa5 Bxb5
21. Qxb6 Rxb6 22. O-O Rfb8 23. Bxb5 Rxb5 24. Ra6 R5b6 25. Rxb6 Rxb6 26. Ra1 g6
27. Kf1 Rb5 28. c4 Rc5 29. Ra6 Kf8 30. Rxd6 Bg5 31. Ng4 Rxc4 32. Nxe5 Rd4 33.
Nf3 Ke7 34. Nxd4 Kxd6 35. Ke2 Kxd5 36. Nf3 Be7 37. Nd2 f5 38. f4 1/2-1/2

[Event "Deutsche Ländermeisterschaft 2013"]
[Site "Hannover GER"]
[Date "2013.10.04"]
[Round "4"]
[White "Berger, Nadja"]
[Black "Carow, Annelen"]
[Result "0-1"]
[Termination "normal"]
[Board "1.5"]
[WhiteTitle "18w"]
[BlackTitle "20w"]
[WhiteElo "1780"]
[BlackElo "1997"]
[WhiteTeam "Bayern"]
[BlackTeam "Rheinland-Pfalz"]
[WhiteFideId "24692212"]
[BlackFideId "24692492"]
[EventCountry "GER"]
[EventRounds "7"]
[EventType "team-swiss"]
[EventDate "2013.10.02"]

1. e4 c5 2. Nf3 e6 3. d4 cxd4 4. Nxd4 a6 5. Nc3 Qc7 6. Bd3 Nf6 7. O-O Bc5 8.
Nb3 Be7 9. Kh1 d6 10. f4 Nc6 11. Bd2 b5 12. Qe2 Bb7 13. Rae1 b4 14. Nd1 Nd7 15.
Nf2 a5 16. Be3 Bf6 17. Bc1 a4 18. Nd2 O-O 19. Nf3 a3 20. b3 Rfe8 21. Ng4 Be7
22. e5 Nc5 23. Qf2 Rad8 24. Qg3 Kh8 25. exd6 Rxd6 26. Nge5 Nxe5 27. fxe5 Rd7
28. Bb5 Bc6 29. Bxc6 Qxc6 30. Bg5 Ne4 31. Qh4 Nxg5 32. Nxg5 Bxg5 33. Qxg5 Qxc2
34. Ra1 Qg6 35. Qf4 Rb8 36. Rac1 h6 37. h3 Rbb7 38. Rc8+ Kh7 39. Rfc1 Qg5 40.
Qe4+ Qf5 41. Qe3 Rb5 42. R8c5 Rd3 43. Qe1 Rb7 44. R5c2 Rbd7 45. Qe2 R7d5 46.
Re1 Rc3 47. Rd2 Rcc5 48. Rxd5 Rxd5 49. Kg1 Qf4 50. Qc2+ g6 51. Rf1 Qe3+ 52. Kh1
Rd7 53. Qc4 Qc3 54. Qb5 Rc7 55. Qe2 Kg7 56. Qe4 Qd2 57. Qf3 Qg5 58. Qe4 Rc1 0-1

[Event "Deutsche Ländermeisterschaft 2013"]
[Site "Hannover GER"]
[Date "2013.10.04"]
[Round "4"]
[White "Schwarz, Larissa"]
[Black "Siegl, Melina"]
[Result "1-0"]
[Termination "normal"]
[Board "1.6"]
[WhiteTitle "16w"]
[BlackTitle "16w"]
[WhiteElo "1930"]
[BlackElo "1784"]
[WhiteTeam "Rheinland-Pfalz"]
[BlackTeam "Bayern"]
[WhiteFideId "24699004"]
[BlackFideId "1272126"]
[EventCountry "GER"]
[EventRounds "7"]
[EventType "team-swiss"]
[EventDate "2013.10.02"]

1. e4 e6 2. d4 d5 3. Nd2 Nc6 4. c3 e5 5. dxe5 dxe4 6. Qe2 Qd5 7. Qxe4 Qxe4+ 8.
Nxe4 Nxe5 9. Bf4 f6 10. Bxe5 fxe5 11. Bc4 Nf6 12. Ng5 Bd6 13. Nf7 Rf8 14. Nxd6+
cxd6 15. Nf3 Bg4 16. Ng5 Ke7 17. f3 Bf5 18. g4 Bd7 19. O-O-O h6 20. Nh3 g5 21.
Nf2 Bc6 22. Be2 Nd5 23. Ne4 Rad8 24. h4 Ne3 25. Rdg1 d5 26. Nd2 d4 27. cxd4
exd4 28. hxg5 hxg5 29. Rh7+ Rf7 30. Rxf7+ Kxf7 31. Bd3 Bd5 32. Rh1 Rf8 33. Ne4
Ke8 34. Nxg5 Nxg4 35. Bb5+ Kd8 36. fxg4 Bxh1 37. Ne6+ Ke7 38. Nxf8 Kxf8 39. Kd2
Bf3 40. Be2 Be4 41. Bd3 Bd5 42. a3 Kg7 43. g5 b6 44. Ke2 Kf7 45. Bf5 Bc4+ 46.
Kf3 Bb3 47. Kf4 Ke7 48. Ke5 Bg8 49. Kxd4 Kd6 50. Ke4 a6 51. Kf4 Kd5 52. g6 a5
53. Kg5 Ke5 54. g7 b5 55. Kg6 b4 56. axb4 axb4 57. Bc8 Kd6 58. Kf6 Bd5 59. Bf5
Bg8 60. Bg6 Kc5 61. Bf7 Bh7 62. b3 {Kd5} 1-0

[Event "Deutsche Ländermeisterschaft 2013"]
[Site "Hannover GER"]
[Date "2013.10.04"]
[Round "4"]
[White "Reimann, Sebastian"]
[Black "Muckle, Julius"]
[Result "1/2-1/2"]
[Termination "normal"]
[Board "1.7"]
[WhiteTitle "12"]
[BlackTitle "12"]
[WhiteElo "1670"]
[BlackElo "1829"]
[WhiteTeam "Bayern"]
[BlackTeam "Rheinland-Pfalz"]
[WhiteFideId "12928054"]
[BlackFideId "12942430"]
[EventCountry "GER"]
[EventRounds "7"]
[EventType "team-swiss"]
[EventDate "2013.10.02"]

1. e4 e6 2. b3 d5 3. Bb2 Nf6 4. exd5 exd5 5. Nf3 c5 6. Be2 Nc6 7. O-O Be7 8. d4
O-O 9. h3 Bf5 10. Bd3 Bxd3 11. Qxd3 Rc8 12. Nc3 a6 13. a3 b5 14. dxc5 Bxc5 15.
b4 Ba7 16. Rad1 Ne7 17. Nd4 Bxd4 18. Qxd4 Rc4 19. Qd3 Qc7 20. Rfe1 Ng6 21. Nxd5
Nxd5 22. Qxd5 Rxc2 23. Qd4 f6 24. Rc1 Ne5 25. Qd5+ Kh8 26. Bxe5 fxe5 27. Rxc2
Qxc2 28. Qxe5 Qxf2+ 29. Kh1 h6 30. Qe7 Rf6 31. Qd8+ Kh7 32. Qd3+ Rg6 33. Qe4
Qb2 34. Re3 Qc1+ 35. Kh2 Qc7+ 36. Kh1 Qc6 37. Kh2 Qxe4 38. Rxe4 Rc6 39. Re3 Kg6
40. Kg3 Kf5 41. Kf3 h5 42. g4+ hxg4+ 43. hxg4+ Kg5 44. Re5+ Kf6 45. Re3 g6 46.
Kf4 g5+ 47. Kf3 Rc4 48. Kg3 a5 49. Rf3+ Ke6 50. bxa5 Ra4 51. Rf5 Rxa3+ 52. Kf2
Rxa5 53. Rxg5 Kf6 54. Rc5 Ra2+ 55. Ke1 Rb2 56. Kd1 b4 57. Rb5 Rg2 58. Rxb4 Kg5
59. Ke1 Rxg4 60. Rxg4+ Kxg4 1/2-1/2

[Event "Deutsche Ländermeisterschaft 2013"]
[Site "Hannover GER"]
[Date "2013.10.04"]
[Round "4"]
[White "Sanati, Charlotte"]
[Black "Böse, Carolin"]
[Result "1-0"]
[Termination "normal"]
[Board "1.8"]
[WhiteTitle "12w"]
[BlackTitle "12w"]
[WhiteElo "1704"]
[BlackElo "1219"]
[WhiteTeam "Rheinland-Pfalz"]
[BlackTeam "Bayern"]
[WhiteFideId "12907707"]
[BlackFideId "12929646"]
[EventCountry "GER"]
[EventRounds "7"]
[EventType "team-swiss"]
[EventDate "2013.10.02"]

1. e4 e6 2. d4 d5 3. Nd2 Nc6 4. Ngf3 Nf6 5. e5 Nd7 6. c3 f6 7. exf6 Qxf6 8. Bd3
Bd6 9. O-O O-O 10. Qc2 Qh6 11. Ne4 Bf4 12. Bxf4 Rxf4 13. Neg5 Nf8 14. Rae1 Bd7
15. Qd2 Rf6 16. Ne5 Nxe5 17. dxe5 Rf7 18. f4 Re7 19. Rf3 g6 20. Rh3 Qg7 21. c4
c6 22. Qb4 Be8 23. Ree3 Rc8 24. Rh4 c5 25. Qb3 d4 26. Reh3 Qh8 27. Ne4 h5 28.
g4 Rg7 29. Nf6+ Kf7 30. Qxb7+ Bd7 31. Nxd7 Ke8 32. Qxc8+ Ke7 33. Nxc5 Kf7 34.
Nxe6 Rg8 35. Ng5+ Kg7 36. Qc7+ Nd7 37. Qxd7+ Kf8 38. Ne6# 1-0

[Event "Deutsche Ländermeisterschaft 2013"]
[Site "Hannover GER"]
[Date "2013.10.04"]
[Round "4"]
[White "Neef, Maximilian"]
[Black "Zimmermann, Ulrich"]
[Result "1-0"]
[Termination "normal"]
[Board "2.1"]
[WhiteTitle "18"]
[BlackTitle "20"]
[WhiteElo "2252"]
[BlackElo "2271"]
[WhiteTeam "Sachsen"]
[BlackTeam "Württemberg"]
[WhiteFideId "24692085"]
[BlackFideId "24654523"]
[EventCountry "GER"]
[EventRounds "7"]
[EventType "team-swiss"]
[EventDate "2013.10.02"]

1. Nf3 d5 2. c4 c6 3. e3 Nf6 4. Nc3 Bg4 5. d4 e6 6. h3 Bxf3 7. Qxf3 Bb4 8. Bd3
O-O 9. O-O Nbd7 10. Qd1 Qe7 11. Bd2 dxc4 12. Bxc4 e5 13. Re1 Rad8 14. Qb3 Nb6
15. Bf1 Bd6 16. a4 e4 17. a5 Nbd5 18. a6 b5 19. Nxd5 Nxd5 20. Rec1 Qe6 21. g3
Rc8 22. Rc2 h5 23. Rac1 Bb8 24. h4 g5 25. hxg5 Kh8 26. Be1 h4 27. gxh4 f6 28.
g6 Rg8 29. h5 Qg4+ 30. Bg2 Qxh5 31. Bxe4 Qg4+ 32. Bg2 Rxg6 33. f4 Rcg8 34. Kf1
Bxf4 35. exf4 Qxf4+ 36. Bf2 Rxg2 37. Qh3+ Kg7 38. Qxg2+ Kf8 39. Qh3 Rg6 40.
Rxc6 Rh6 41. Rc8+ Kf7 42. R1c7+ Nxc7 43. Qd7+ Kg6 44. Rg8+ 1-0

[Event "Deutsche Ländermeisterschaft 2013"]
[Site "Hannover GER"]
[Date "2013.10.04"]
[Round "4"]
[White "Gibicar, Danijel"]
[Black "Möhn, Hans"]
[Result "1/2-1/2"]
[Termination "normal"]
[Board "2.2"]
[WhiteTitle "18"]
[BlackTitle "18"]
[WhiteElo "2149"]
[BlackElo "2184"]
[WhiteTeam "Württemberg"]
[BlackTeam "Sachsen"]
[WhiteFideId "24660256"]
[BlackFideId "24647837"]
[EventCountry "GER"]
[EventRounds "7"]
[EventType "team-swiss"]
[EventDate "2013.10.02"]

1. e4 c5 2. Nf3 Nc6 3. d4 cxd4 4. Nxd4 Qb6 5. Nb3 Nf6 6. Nc3 e6 7. Bd3 a6 8.
Qe2 Qc7 9. Be3 d6 10. f4 b5 11. O-O-O Be7 12. g4 O-O 13. g5 Nd7 14. Rdg1 Nb4
15. Kb1 Nc5 16. h4 Bb7 17. Rh3 Rac8 18. h5 Nbxd3 19. cxd3 b4 20. Nd1 Nxb3 21.
axb3 d5 22. Nf2 dxe4 23. dxe4 Bc5 24. Rc1 Qb6 25. Bxc5 Rxc5 26. Rxc5 Qxc5 27.
Rd3 Bc6 28. Qd2 f5 29. e5 Bd5 30. Qe3 Qb5 31. h6 Rd8 32. Rd2 Rd7 1/2-1/2

[Event "Deutsche Ländermeisterschaft 2013"]
[Site "Hannover GER"]
[Date "2013.10.04"]
[Round "4"]
[White "Richter, Leonard"]
[Black "Walter, Kevin"]
[Result "1-0"]
[Termination "normal"]
[Board "2.3"]
[WhiteTitle "16"]
[BlackTitle "16"]
[WhiteElo "2020"]
[BlackElo "1939"]
[WhiteTeam "Sachsen"]
[BlackTeam "Württemberg"]
[WhiteFideId "12900290"]
[BlackFideId "12906654"]
[EventCountry "GER"]
[EventRounds "7"]
[EventType "team-swiss"]
[EventDate "2013.10.02"]

1. e4 c5 2. Nf3 e6 3. d4 cxd4 4. Nxd4 a6 5. Bd3 Nc6 6. Nxc6 dxc6 7. Nd2 e5 8.
Nc4 Nf6 9. O-O Bd6 10. Kh1 O-O 11. f4 Bc7 12. f5 b5 13. Ne3 Bb7 14. Ng4 c5 15.
Bg5 Kh8 16. Qe1 Qd6 17. Nxf6 gxf6 18. Bh6 Rg8 19. b3 Bb6 20. Qh4 Bd8 21. Rf3 c4
22. Rh3 Qd4 23. Rf1 Rxg2 24. Kxg2 cxd3 25. Bg7+ Kxg7 26. Qh6+ 1-0

[Event "Deutsche Ländermeisterschaft 2013"]
[Site "Hannover GER"]
[Date "2013.10.04"]
[Round "4"]
[White "Gungl, Theo"]
[Black "Gaßmann, Linda"]
[Result "1-0"]
[Termination "normal"]
[Board "2.5"]
[WhiteTitle "12"]
[BlackTitle "16w"]
[WhiteElo "1948"]
[BlackElo "1810"]
[WhiteTeam "Sachsen"]
[BlackTeam "Württemberg"]
[WhiteFideId "24695653"]
[BlackFideId "12900451"]
[EventCountry "GER"]
[EventRounds "7"]
[EventType "team-swiss"]
[EventDate "2013.10.02"]

1. e4 c5 2. Nf3 d6 3. d4 cxd4 4. Nxd4 Nf6 5. Nc3 g6 6. Be3 Bg7 7. f3 O-O 8. Qd2
Nc6 9. Bc4 Bd7 10. O-O-O Rc8 11. Bb3 Ne5 12. Kb1 Nc4 13. Bxc4 Rxc4 14. g4 b5
15. h4 b4 16. Nce2 a5 17. h5 a4 18. Ng3 e5 19. Nde2 b3 20. cxb3 axb3 21. axb3
Rc6 22. Nc3 Be6 23. Bh6 Bxh6 24. Qxh6 Qa5 25. Nf5 Bxf5 26. gxf5 Rxc3 27. hxg6
fxg6 28. fxg6 Rc7 29. Rdg1 Ra8 30. gxh7+ Kf7 31. Rg7+ 1-0

[Event "Deutsche Ländermeisterschaft 2013"]
[Site "Hannover GER"]
[Date "2013.10.04"]
[Round "4"]
[White "Nobis, Anna"]
[Black "Degenhard, Simon"]
[Result "1-0"]
[Termination "normal"]
[Board "2.7"]
[WhiteTitle "14w"]
[BlackTitle "12"]
[WhiteElo "1749"]
[BlackElo "1713"]
[WhiteTeam "Sachsen"]
[BlackTeam "Württemberg"]
[WhiteFideId "1270302"]
[BlackFideId "12944017"]
[EventCountry "GER"]
[EventRounds "7"]
[EventType "team-swiss"]
[EventDate "2013.10.02"]

1. e4 c5 2. Nf3 a6 3. Nc3 e6 4. d4 cxd4 5. Nxd4 Qc7 6. Be2 b5 7. a3 Bb7 8. Bf3
Nf6 9. O-O Bd6 10. h3 Be7 11. e5 Ng8 12. Bxb7 Qxb7 13. Qg4 Kf8 14. Rd1 Bd8 15.
Rd3 Ne7 16. Ne4 h5 17. Qf3 Bc7 18. Ng5 Qxf3 19. Rxf3 Ke8 20. Nxf7 Rf8 21. Nd6+
Bxd6 22. exd6 Rxf3 23. Nxf3 Nd5 24. b3 Nc6 25. Bb2 Kf7 26. c4 bxc4 27. bxc4 Nb6
28. Rc1 Rb8 29. Ne5+ Nxe5 30. Bxe5 Rc8 31. c5 Nd5 32. Bd4 Rc6 33. Rb1 Nf4 34.
Rb2 Ng6 35. Rb7 Nf8 36. Rc7 g6 37. Rxc6 dxc6 38. f4 Nd7 39. Kf2 Ke8 40. Ke3 Kf7
41. Kd3 Ke8 42. Kc4 Kd8 43. Bc3 Kc8 44. Kd4 Nf6 45. Ke5 Nd5 46. Bd4 Kd7 47. g3
h4 48. gxh4 Ke8 49. Kxe6 Nxf4+ 50. Kf6 Nxh3 51. Kxg6 Nf4+ 52. Kf5 Ne2 53. Be5
Kf7 54. h5 Nc1 55. Bf6 Ke8 56. Ke6 1-0

[Event "Deutsche Ländermeisterschaft 2013"]
[Site "Hannover GER"]
[Date "2013.10.04"]
[Round "4"]
[White "Mütsch, Annmarie"]
[Black "Bui, Ngoc Han Julia"]
[Result "1-0"]
[Termination "normal"]
[Board "2.8"]
[WhiteTitle "12w"]
[BlackTitle "12w"]
[WhiteElo "1360"]
[BlackElo "1386"]
[WhiteTeam "Württemberg"]
[BlackTeam "Sachsen"]
[WhiteFideId "12971367"]
[BlackFideId "12977055"]
[EventCountry "GER"]
[EventRounds "7"]
[EventType "team-swiss"]
[EventDate "2013.10.02"]

1. e4 c5 2. c3 d6 3. d4 cxd4 4. cxd4 e6 5. Bb5+ Bd7 6. Qa4 a6 7. Bxd7+ Nxd7 8.
Bd2 Ngf6 9. Nc3 Be7 10. Nf3 O-O 11. O-O Rc8 12. Be3 Qc7 13. Rac1 Qb8 14. Bf4
Rfd8 15. e5 dxe5 16. Nxe5 Nxe5 17. Bxe5 Qa8 18. g3 b5 19. Qb3 Ne4 20. Nxe4 Qxe4
21. Rfe1 Qb7 22. a4 b4 23. Rc4 a5 24. Rec1 Rxc4 25. Qxc4 h6 26. Qc7 Qxc7 27.
Rxc7 Bd6 28. Bxd6 Rxd6 29. Rc4 Rd5 30. b3 g6 31. Kf1 Kg7 32. Ke2 Kf6 33. Kd3
Ke7 34. Rc5 Kd6 35. Kc4 Rxc5+ 36. dxc5+ Kc6 37. Kd4 e5+ 38. Kxe5 Kxc5 39. f4 h5
40. h3 f6+ 41. Kxf6 Kd4 42. Kxg6 Kc3 43. f5 Kxb3 44. f6 Ka2 45. f7 b3 46. f8=Q
b2 47. Qf7+ Ka1 48. Qf6 Ka2 49. Qf2 Ka1 50. Qd4 Ka2 51. Qc4+ Ka1 52. Qc3 Ka2
53. Qxb2+ Kxb2 54. Kxh5 Kb3 55. g4 Kxa4 56. g5 Kb3 57. g6 a4 58. g7 a3 59.
g8=Q+ Kb2 60. Qb8+ Kc2 61. Qb4 a2 62. Qa4+ Kb1 63. Qxa2+ Kxa2 64. Kg6 Kb3 65.
h4 Ka3 1-0

[Event "Deutsche Ländermeisterschaft 2013"]
[Site "Hannover GER"]
[Date "2013.10.04"]
[Round "4"]
[White "Kuckling, Hannah"]
[Black "Koop, Thorben"]
[Result "0-1"]
[Termination "normal"]
[Board "3.1"]
[WhiteTitle "18w"]
[BlackTitle "16"]
[WhiteElo "1953"]
[BlackElo "2223"]
[WhiteTeam "Nordrhein-Westfalen"]
[BlackTeam "Niedersachsen 1"]
[WhiteFideId "24603660"]
[BlackFideId "24661619"]
[EventCountry "GER"]
[EventRounds "7"]
[EventType "team-swiss"]
[EventDate "2013.10.02"]

1. e4 g6 2. Nc3 Bg7 3. f4 d6 4. Nf3 Nf6 5. Bc4 O-O 6. Bb3 Nc6 7. d4 Bg4 8. Be3
Nd7 9. e5 Na5 10. Ne4 Nxb3 11. axb3 f6 12. exd6 exd6 13. Nf2 f5 14. Qd3 Bxf3
15. gxf3 Nf6 16. O-O-O c6 17. Rdg1 Qe7 18. Nd1 Rfe8 19. h4 Nh5 20. Rg5 Qf7 21.
Rhg1 Kh8 22. Rxh5 gxh5 23. Rg5 Rf8 24. Bd2 Bh6 25. Rg2 d5 26. Re2 Rae8 27. Re5
Bg7 28. Re3 Rxe3 29. Nxe3 Qf6 30. Bb4 Rf7 31. c3 Qxh4 32. Bd6 Qe1+ 33. Nd1 h4
34. Qc2 Qe6 35. Be5 Bxe5 36. fxe5 Qh6+ 37. Kb1 f4 38. Qh2 Rg7 39. Qh3 Qg6+ 40.
Kc1 Qg3 41. Qf5 Qg5 42. Qh3 c5 43. Qe6 cxd4 44. cxd4 Qg6 45. Qc8+ Rg8 46. Qh3
Qg3 47. Qf5 h3 48. Qf6+ Qg7 49. Qh4 Qc7+ 50. Nc3 Rg1+ 51. Kd2 Rg2+ 52. Ke1 h2
53. Qf6+ Kg8 54. Qe6+ Qf7 55. Qc8+ Kg7 0-1

[Event "Deutsche Ländermeisterschaft 2013"]
[Site "Hannover GER"]
[Date "2013.10.04"]
[Round "4"]
[White "Meyers, Mark"]
[Black "Raum, Sebastian"]
[Result "1-0"]
[Termination "normal"]
[Board "3.3"]
[WhiteTitle "16"]
[BlackTitle "20"]
[WhiteElo "1916"]
[BlackElo "2147"]
[WhiteTeam "Nordrhein-Westfalen"]
[BlackTeam "Niedersachsen 1"]
[WhiteFideId "12927716"]
[BlackFideId "24673935"]
[EventCountry "GER"]
[EventRounds "7"]
[EventType "team-swiss"]
[EventDate "2013.10.02"]

1. c4 Nf6 2. g3 g6 3. Bg2 Bg7 4. Nc3 O-O 5. e4 d6 6. Nge2 c5 7. O-O Nc6 8. d3
Ne8 9. Be3 Nd4 10. Rb1 Nc7 11. b4 Nce6 12. f4 f5 13. bxc5 dxc5 14. e5 Rb8 15.
Bd5 Kh8 16. Bxd4 Nxd4 17. Nxd4 cxd4 18. Nb5 e6 19. Bg2 a6 20. Nd6 Qc7 21. Qb3
b6 22. c5 b5 23. Qb4 a5 24. Qxd4 Ba6 25. a3 Rfd8 26. Rfc1 Bf8 27. Qc3 b4 28.
axb4 axb4 29. Rxb4 Rxb4 30. Qxb4 Bxd3 31. Qd4 1-0

[Event "Deutsche Ländermeisterschaft 2013"]
[Site "Hannover GER"]
[Date "2013.10.04"]
[Round "4"]
[White "Düssler, Stefanie"]
[Black "Sabirov, Ramil"]
[Result "1-0"]
[Termination "normal"]
[Board "3.4"]
[WhiteTitle "18w"]
[BlackTitle "16"]
[WhiteElo "2036"]
[BlackElo "1887"]
[WhiteTeam "Niedersachsen 1"]
[BlackTeam "Nordrhein-Westfalen"]
[WhiteFideId "4634780"]
[BlackFideId "12900303"]
[EventCountry "GER"]
[EventRounds "7"]
[EventType "team-swiss"]
[EventDate "2013.10.02"]

1. e4 c5 2. Nf3 Nc6 3. d4 cxd4 4. Nxd4 Nf6 5. Nc3 Qb6 6. Nb3 e6 7. Be3 Qc7 8.
Bd3 Be7 9. f4 d6 10. Qf3 a6 11. g4 Nb4 12. g5 Nxd3+ 13. cxd3 Nd7 14. Rc1 Nc5
15. Nxc5 dxc5 16. f5 Bd6 17. Rc2 O-O 18. f6 Rd8 19. Rf1 Be5 20. Bf2 b6 21. Bg3
Ra7 22. Rd2 Qd6 23. fxg7 b5 24. Bxe5 Qxe5 25. Qf6 Qd4 26. e5 Qe3+ 27. Re2 Qxd3
28. Rf3 Qd4 29. Kf1 Rad7 30. g6 fxg6 31. Qf8+ 1-0

[Event "Deutsche Ländermeisterschaft 2013"]
[Site "Hannover GER"]
[Date "2013.10.04"]
[Round "4"]
[White "Flüchter, Gregor"]
[Black "Bruns, Kai-Christian"]
[Result "1/2-1/2"]
[Termination "normal"]
[Board "3.5"]
[WhiteTitle "14"]
[BlackTitle "14"]
[WhiteElo "2021"]
[BlackElo "1806"]
[WhiteTeam "Nordrhein-Westfalen"]
[BlackTeam "Niedersachsen 1"]
[WhiteFideId "12903396"]
[BlackFideId "12938025"]
[EventCountry "GER"]
[EventRounds "7"]
[EventType "team-swiss"]
[EventDate "2013.10.02"]

1. e4 c5 2. Nf3 Nc6 3. c3 Nf6 4. e5 Nd5 5. Bc4 Nb6 6. Bb3 d5 7. exd6 Qxd6 8.
O-O h6 9. d4 cxd4 10. cxd4 Bg4 11. Nc3 e6 12. Nb5 Qd7 13. Bf4 Rc8 14. Re1 a6
15. Nc3 Bxf3 16. Qxf3 Nxd4 17. Qg4 Nxb3 18. axb3 Qd4 19. Rad1 Qf6 20. Be3 Nd7
21. Nd5 Qg6 22. Qxg6 fxg6 23. Nf4 Bb4 24. Bd2 Bxd2 25. Rxd2 Nf8 26. Rde2 Kf7
27. Nxe6 Nxe6 28. Rxe6 Rhe8 29. Rxe8 Rxe8 30. Kf1 Rxe1+ 31. Kxe1 Ke6 32. Kd2
Kd5 33. Kc3 Kc5 34. b4+ Kd5 35. Kd3 g5 36. f3 h5 37. Kc3 Ke5 38. Kc4 b6 39. Kd3
Kd5 40. Kc3 h4 41. Kd3 g6 42. Kc3 b5 43. Kd3 Ke5 44. Ke3 Kd5 1/2-1/2

[Event "Deutsche Ländermeisterschaft 2013"]
[Site "Hannover GER"]
[Date "2013.10.04"]
[Round "4"]
[White "Diederichs, Luise"]
[Black "Savchenko, Daniel"]
[Result "1-0"]
[Termination "normal"]
[Board "3.6"]
[WhiteTitle "16w"]
[BlackTitle "12"]
[WhiteElo "1932"]
[BlackElo "1751"]
[WhiteTeam "Niedersachsen 1"]
[BlackTeam "Nordrhein-Westfalen"]
[WhiteFideId "24661597"]
[BlackFideId "12919195"]
[EventCountry "GER"]
[EventRounds "7"]
[EventType "team-swiss"]
[EventDate "2013.10.02"]

1. d4 d5 2. c4 e6 3. Nc3 c5 4. cxd5 exd5 5. Nf3 Nc6 6. dxc5 d4 7. Na4 Bxc5 8.
Nxc5 Qa5+ 9. Bd2 Qxc5 10. Rc1 Qb6 11. e3 dxe3 12. Bxe3 Qxb2 13. Bc4 Qb4+ 14.
Nd2 Nge7 15. O-O O-O 16. Bc5 Qa5 17. Re1 Re8 18. Ne4 Ne5 19. Nd6 Nxc4 20. Nxe8
Be6 21. Nxg7 Kxg7 22. Bxe7 Qa6 23. Qd4+ Kg8 24. Re4 Rc8 25. Rg4+ Bxg4 26. Qxg4+
Qg6 27. Qxc8+ 1-0

[Event "Deutsche Ländermeisterschaft 2013"]
[Site "Hannover GER"]
[Date "2013.10.04"]
[Round "4"]
[White "Bork, Sophie"]
[Black "Laubrock, Paul"]
[Result "0-1"]
[Termination "normal"]
[Board "3.7"]
[WhiteTitle "16w"]
[BlackTitle "12"]
[WhiteElo "1536"]
[BlackElo "1752"]
[WhiteTeam "Nordrhein-Westfalen"]
[BlackTeam "Niedersachsen 1"]
[WhiteFideId "12905429"]
[BlackFideId "1270509"]
[EventCountry "GER"]
[EventRounds "7"]
[EventType "team-swiss"]
[EventDate "2013.10.02"]

1. e4 c5 2. c3 Nf6 3. e5 Nd5 4. Nf3 Nc6 5. d4 cxd4 6. cxd4 d6 7. Bc4 Nb6 8. Bb5
dxe5 9. Nxe5 Bd7 10. Nxd7 Qxd7 11. Nc3 e6 12. O-O a6 13. Bxc6 Qxc6 14. Qe2 Bb4
15. Bd2 O-O 16. Rac1 Qd7 17. Be3 Rac8 18. Rfd1 Nd5 19. Ne4 Nxe3 20. Qxe3 Rfd8
21. Rxc8 Rxc8 22. Nc3 Bxc3 23. bxc3 Qa4 24. Qd2 Qc4 25. h3 Qxc3 26. Qxc3 Rxc3
27. d5 exd5 28. Rxd5 Kf8 29. Rd7 b5 30. Rd6 Ra3 31. Rd2 Ra5 32. Kf1 b4 33. Ke1
Ke7 34. Kd1 Rc5 35. g3 Ke6 36. Ke2 Re5+ 37. Kf3 Rd5 38. Rc2 Kd7 39. Ke2 a5 40.
Ke1 Kd6 41. h4 Rc5 42. Rd2+ Kc6 43. Re2 Rd5 44. Re7 Rd7 45. Re2 Kb5 46. Re5+
Ka4 47. Re3 Rd5 48. Ke2 f6 49. f4 Rd7 50. Ke1 Kb5 51. Ke2 a4 52. Ke1 Kc4 53.
Ke2 b3 54. axb3+ axb3 0-1